PSG Managers by Picture (2000-) - Statistics

General Stats
  • This quiz has been taken 256 times
  • The average score is 8 of 14
Answer Stats
Picture Hint Answer % Correct
2023- Luis Enrique
98%
2018-2020 Thomas Tuchel
96%
2011-2013 Carlo Ancelotti
93%
2013-2016 Laurent Blanc
92%
2016-2018 Unai Emery
92%
2021-2022 Mauricio Pochettino
89%
2022-2023 Christophe Galtier
78%
2009-2011 Antoine Kombouaré
60%
2000-2003 Luis Fernandez
46%
2007-2009 Paul Le Guen
26%
2003-2005 Vahid Halilhodzic
21%
2006-2007 Guy Lacombe
15%
2005 Laurent Fournier
11%
1999-2000 Philippe Bergeroo
7%
No matching quizzes found
Score Distribution
Percent of People with Each Score
Percentile by Number Answered
Your Score History
You have not taken this quiz